Words that End in "-sent" - Statistics

General Stats
  • This quiz has been taken 207 times
    184 since last reset
  • The average score is 5 of 9
Answer Stats
Answer % Correct
Present
86%
Absent
73%
Resent
66%
Unsent
58%
Sent
52%
Consent
45%
Dissent
44%
Assent
42%
Represent
11%
No matching quizzes found
Score Distribution
Percent of People with Each Score
Percentile by Number Answered
Your Score History
You have not taken this quiz since the last reset